After life / (Record no. 129411)

MARC details
000 -LEADER
fixed length control field 02280nam a2200421 a 4500
001 - CONTROL NUMBER
control field fol21247528
003 - CONTROL NUMBER IDENTIFIER
control field ICrlF
005 - DATE AND TIME OF LATEST TRANSACTION
control field 20251216142854.0
008 - FIXED-LENGTH DATA ELEMENTS--GENERAL INFORMATION
fixed length control field 250106s2025 nyu d 000 1 eng d
010 ## - LIBRARY OF CONGRESS CONTROL NUMBER
LC control number 2024939826
020 ## - INTERNATIONAL STANDARD BOOK NUMBER
International Standard Book Number 9780063346147
035 ## - SYSTEM CONTROL NUMBER
System control number (ICrlF)2033EG
040 ## - CATALOGING SOURCE
Original cataloging agency ICrlF
Language of cataloging eng
Transcribing agency ICrlF
Modifying agency ICrlF
050 #4 - LIBRARY OF CONGRESS CALL NUMBER
Classification number PZ7.F75876
Item number Af 2025
082 04 - DEWEY DECIMAL CLASSIFICATION NUMBER
Classification number [Fic]
Edition number 23/eng/20250106
100 1# - MAIN ENTRY--PERSONAL NAME
Personal name Forman, Gayle.
9 (RLIN) 3099
245 10 - TITLE STATEMENT
Title After life /
Statement of responsibility, etc Gayle Forman.
250 ## - EDITION STATEMENT
Edition statement 1st ed.
260 ## - PUBLICATION, DISTRIBUTION, ETC. (IMPRINT)
Place of publication, distribution, etc New York :
Name of publisher, distributor, etc Quill Tree Books, an imprint of HarperCollinsPublishers,
Date of publication, distribution, etc [2025]
300 ## - PHYSICAL DESCRIPTION
Extent 266 p. ;
Dimensions 22 cm.
510 3# - CITATION/REFERENCES NOTE
Name of source School Library Journal starred, January 2025
510 3# - CITATION/REFERENCES NOTE
Name of source Booklist, December 2024
510 3# - CITATION/REFERENCES NOTE
Name of source Bulletin (Center for Children's Books), November 2024
510 3# - CITATION/REFERENCES NOTE
Name of source Publishers Weekly Annex, December 2024
520 ## - SUMMARY, ETC.
Summary, etc "One spring afternoon after school, Amber arrives home on her bike. It's just another perfectly normal day. But when Amber's mom sees her, she screams. Because Amber died seven years ago, hit by a car while on the very same bicycle she's inexplicably riding now. This return doesn't only impact Amber. Her sister, Melissa, now seven years older, must be a new kind of sibling to Amber. Amber's estranged parents are battling over her. And the changes ripple farther and farther out: Amber's friends, boyfriend, and even people she met only once have been deeply affected by her life and death. In the midst of everyone's turmoil, Amber is struggling with herself. What kind of person was she? How and why was she given this second chance?"--Provided by publisher.
521 2# - TARGET AUDIENCE NOTE
Target audience note Young Adult
Source Follett Content Solutions.
650 #0 - SUBJECT ADDED ENTRY--TOPICAL TERM
Topical term or geographic name as entry element Teenagers
General subdivision Death
Form subdivision Juvenile fiction.
9 (RLIN) 36077
650 #0 - SUBJECT ADDED ENTRY--TOPICAL TERM
Topical term or geographic name as entry element Future life
Form subdivision Juvenile fiction.
9 (RLIN) 3908
650 #0 - SUBJECT ADDED ENTRY--TOPICAL TERM
Topical term or geographic name as entry element Families
Form subdivision Juvenile fiction.
650 #0 - SUBJECT ADDED ENTRY--TOPICAL TERM
Topical term or geographic name as entry element Opportunity
Form subdivision Juvenile fiction.
9 (RLIN) 55271
650 #1 - SUBJECT ADDED ENTRY--TOPICAL TERM
Topical term or geographic name as entry element Teenagers
General subdivision Death
Form subdivision Fiction.
650 #1 - SUBJECT ADDED ENTRY--TOPICAL TERM
Topical term or geographic name as entry element Future life
Form subdivision Fiction.
9 (RLIN) 572
650 #1 - SUBJECT ADDED ENTRY--TOPICAL TERM
Topical term or geographic name as entry element Family life
Form subdivision Fiction.
650 #1 - SUBJECT ADDED ENTRY--TOPICAL TERM
Topical term or geographic name as entry element Opportunity
Form subdivision Fiction.
9 (RLIN) 55272
655 #7 - INDEX TERM--GENRE/FORM
Genre/form data or focus term Magic realist fiction.
Source of term lcgft
940 ## - EQUIVALENCE OR CROSS-REFERENCE--UNIFORM TITLE [OBSOLETE] [CAN/MARC only]
Date of treaty signing 12/01/25
Version School Library Journal starred, January 2025
-- Booklist, December 2024
-- Bulletin (Center for Children's Books), November 2024
942 ## - ADDED ENTRY ELEMENTS (KOHA)
Source of classification or shelving scheme Dewey Decimal Classification
Koha item type Book
Holdings
Withdrawn status Lost status Source of classification or shelving scheme Damaged status Not for loan Home library Current library Date acquired Total Checkouts Full call number Barcode Date last seen Cost, replacement price Price effective from Koha item type
  Available Dewey Decimal Classification     Martha's Vineyard High School Library Martha's Vineyard High School Library 12/16/2025   FIC/FOR 39844500061733 12/16/2025 20.00 12/16/2025 Book